Zaznacz produkty legalne w Polsce - Statystyki

Ogólne statystyki
  • Ten quiz został rozwiązany 60 razy
  • Średni wynik to 4 z 9
Answers on the Grid
Answers color-coded by a green-red scale on the quiz's grid according to % correct below.
aspiryna
diklofenak
fentanyl
ibuprofen
kofeina
kokaina
LSD
margaryna
marihuana lecznicza
marihuana rekreacyjna
morfina
naproksen
penicylina
sacharoza
sacharyna
solpadeina
 
Statystyki odpowiedzi
Odpowiedź % Poprawnych
legalna, zwalcza ból i gorączkę aspiryna
92%
legalna substancja psychoaktywna np. w kawie kofeina
81%
najpopularniejszy lek na ból głowy ibuprofen
68%
jadalny tłuszcz roślinny margaryna
54%
cukier spożywczy sacharoza
46%
legalny zamiennik cukru sacharyna
24%
legalny, lek w żelach na stawy diklofenak
19%
legalna i dostępna bez recepty solpadeina
16%
legalny, na bóle menstruacyjne naproksen
14%
Nie znaleziono quizów pasujących do podanych kryteriów
Rozkład punktacji
Procent ludzi z każdym wynikiem
Percentyl według liczby udzielonych odpowiedzi
Twoja historia wyników
Nie rozwiązałeś tego quizu